Филипп Андреевич Малявин, 1869-1940 (Запись № 11741945)

Подробности
000 -МАРКЕР
контрольное поле 01399nam0a2200325 4500
001 - ИДЕНТИФИКАТОР ЗАПИСИ
контрольное поле RU\NLR\BIBL_A\011165984
005 - ИДЕНТИФИКАТОР ВЕРСИИ
контрольное поле 20250625212345.0
010 ## - МЕЖДУНАРОДНЫЙ СТАНДАРТНЫЙ НОМЕР КНИГИ (ISBN)
Уточнения В пер.
Цена 3 р. 20 к.
Тираж 30000
021 ## - НОМЕР ГОСУДАРСТВЕННОЙ РЕГИСТРАЦИИ
Код страны Российская Федерация
Номер 67-101691
035 ## - ДРУГИЕ СИСТЕМНЫЕ НОМЕРА
Идентификатор записи (NLR Aleph) 011165984
100 ## - ДАННЫЕ ОБЩЕЙ ОБРАБОТКИ
Данные общей обработки 20160624d1967 |||y0rusy50 ca
101 0# - ЯЗЫК РЕСУРСА
Язык текста, звукозаписи и т.д. русский
102 ## - СТРАНА ПУБЛИКАЦИИ ИЛИ ПРОИЗВОДСТВА
Страна публикации Российская Федерация
105 ## - ПОЛЕ КОДИРОВАННЫХ ДАННЫХ: ТЕКСТОВЫЕ МАТЕРИАЛЫ, МОНОГРАФИЧЕСКИЕ
Кодированные данные о монографическом текстовом документе a z 000zb
200 1# - ЗАГЛАВИЕ И СВЕДЕНИЯ ОБ ОТВЕТСТВЕННОСТИ
Основное заглавие Филипп Андреевич Малявин, 1869-1940
Сведения, относящиеся к заглавию жизнь и творчество
Первые сведения об ответственности О.А. Живова
210 ## - ПУБЛИКАЦИЯ, РАСПРОСТРАНЕНИЕ И ДР.
Место издания, распространения и т.д. [Москва
Имя издателя, распространителя и т. д. "Искусство"
Дата издания, распространения и т.д. 1967]
215 ## - ФИЗИЧЕСКАЯ ХАРАКТЕРИСТИКА
Специфическое обозначение материала и объем 295 с.
Другие сведения о физической характеристике ил.
Размеры 26
300 ## - ОБЩИЕ ПРИМЕЧАНИЯ
Текст примечания На обложке автор не указан
320 ## - ПРИМЕЧАНИЯ О НАЛИЧИИ В ДОКУМЕНТЕ БИБЛИОГРАФИИ / УКАЗАТЕЛЯ
Текст примечания Библиогр.: с. 290-291
540 1# - ДОПОЛНИТЕЛЬНОЕ ЗАГЛАВИЕ, ПРИМЕНЯЕМОЕ КАТАЛОГИЗАТОРОМ
Заглавие Малявин Филипп Андреевич, 1869-1940
Сведения о заглавии жизнь и творчество
600 #1 - ИМЯ ЛИЦА КАК ПРЕДМЕТ
Начальный элемент ввода Малявин
Часть имени, кроме начального элемента ввода Ф.А.
Даты 1869 - 1940
Расширение инициалов личного имени Филипп Андреевич
Системный номер авторитетной/нормативной записи 1066765
Идентификатор авторитетной/нормативной записи RU\NLR\AUTH\66414793
686 ## - ИНДЕКСЫ ДРУГИХ КЛАССИФИКАЦИЙ
Индекс Щ143(2Р=Рус)53-8Малявин
700 #1 - ИМЯ ЛИЦА - ПЕРВИЧНАЯ ОТВЕТСТВЕННОСТЬ
Начальный элемент ввода Живова
Часть имени, кроме начального элемента ввода О. А.
Расширение инициалов личного имени Олимпиада Алексеевна
702 #1 - ИМЯ ЛИЦА - ВТОРИЧНАЯ ОТВЕТСТВЕННОСТЬ
Код отношения Прочие
Графика поля Кириллица
Материалы, к которым относится поле rus
Начальный элемент ввода Малявин
Часть имени, кроме начального элемента ввода Ф. А.
Даты 1869-1940
Расширение инициалов личного имени Филипп Андреевич
Системный номер авторитетной/нормативной записи 252197
Идентификатор авторитетной/нормативной записи RU\NLR\AUTH\770252253
852 ## - МЕСТОНАХОЖДЕНИЕ И ШИФР ХРАНЕНИЯ
Идентификатор организации NLR
Шифр хранения (Call Number) 68-7/37
942 ## - ДОПОЛНИТЕЛЬНЫЕ ЭЛЕМЕНТЫ ЗАПИСИ (АБИС)
Тип экземпляра АБИС Книга
980 ## - КОЛЛЕКЦИЯ
Название коллекции Национальная библиография
Экземпляры
Тип экземпляра Дата поступления Источник поступления Стоимость Библиотека постоянного хранения Библиотека текущего хранения Место хранения Шифр хранения Штрих-код Статус экземпляра
Книга 08.02.2017   3.20 РНБ (Московский) РНБ (Московский) Фонд общего зала литературы по филологии, педагогике и искусству (гуманитарной литературы) Л1 Щ143(2Р=Р)6-8/М-219-Ж 1-1512168  
Книга 03.10.2024     РНБ (Московский) РНБ (Московский) Русский книжный фонд: издания с 1957 года 68-7/37 1-4759205  
Книга 27.06.2016 Дар 350.00 РНБ (Садовая) РНБ (Садовая) Фонд научного зала литературы и искусства Нз Щ14(2)5/М-219ж 1-1403259